Az online kommunikáció jelentősége az utazási irodáknál az Anima Travel példáján keresztül szemléltetve

Bibliográfiai részletek
Szerző: Esztó Berta Britta
További közreműködők: Sipos Erika
Dokumentumtípus: Projektmunka
Kulcsszavak:fogyasztói magatartás
közösségi hálózatok
marketingkommunikáció
online marketing
utazási irodák
Online Access:http://dolgozattar.uni-bge.hu/59693

MARC

LEADER 00000nnm a2200000 i 4500
001 dolg59693
005 20260409145432.0
008 260409suuuu hu o 000 hun d
040 |a BGE Dolgozattár Repozitórium  |b hun 
041 |a hu 
100 1 |a Esztó Berta Britta 
245 1 3 |a Az online kommunikáció jelentősége az utazási irodáknál az Anima Travel példáján keresztül szemléltetve  |c Esztó Berta Britta  |h [elektronikus dokumentum] 
516 |a Project_work 
520 3 |a Az Anima Travel példáján keresztül jól látható, hogy még egy kisebb, teljesen online működő utazási iroda is képes tudatos, emberközeli és hiteles marketingkommunikációra. A dolgozat bemutatja, hogyan lehet egyszerre személyes kapcsolatot építeni az utasokkal és megfelelni a digitális világ kihívásainak. A cég stratégiája ötvözi a hagyományos eszközöket (pl. szórólap, weboldal) a modern megoldásokkal (pl. közösségi média, hírlevél, véleménykérés), így az utasok valóban úgy érezhetik, hogy törődnek velük. A szakmai gyakorlat során szerzett tapasztalatok és a feldolgozott szakirodalom alapján megállapítható, hogy az értékalapú, következetes és rugalmas kommunikáció akkor is hatékony lehet, ha nem áll mögötte hatalmas költségvetés. A dolgozat rávilágít arra, hogy az élményalapú, közösségi médián alapuló benyomások szerepe egyre meghatározóbb, és a jövőben a siker kulcsa az lesz, hogy nemcsak jelen vagyunk a digitális térben, hanem jól vagyunk jelen. Az Anima Travel példája inspiráló lehet más kisebb vállalkozások számára is. 
695 |a fogyasztói magatartás 
695 |a közösségi hálózatok 
695 |a marketingkommunikáció 
695 |a online marketing 
695 |a utazási irodák 
700 1 |a Sipos Erika  |e ths 
856 4 0 |u http://dolgozattar.uni-bge.hu/59693/1/Eszt%C3%B3%20Berta%20Britta%20-%20Az%20online%20kommunik%C3%A1ci%C3%B3%20jelent%C5%91s%C3%A9ge.pdf  |z Dokumentum-elérés 
856 4 0 |u http://dolgozattar.uni-bge.hu/59693/2/Eszt%C3%B3%20Berta%20Britta%20Foszk%20konzulensi%20b%C3%ADr%C3%A1lat.pdf  |z Dokumentum-elérés